Score 0/10 Timer 01:00
0 Plays Today
% Correct
J.R.R. Tolkien
80.6%
George R.R. Martin
68.3%
J.K. Rowling
67.1%
C.S. Lewis
41.4%
Christopher Paolini
38.4%
Cressida Cowell
33.3%
Terry Pratchett
30.1%
Ursula K. Le Guin
24.9%
Lenny Lipton
24.7%
Michael Ende
24.2%

Today's Daily Dose

Remove Ads.
Support Sporcle.
Get the best of Sporcle when you Go Orange. This ad-free experience offers more features, more stats, and more fun while also helping to support Sporcle. Thank you for becoming a member.

You're not logged in!

Compare scores with friends on all Sporcle quizzes.
OR
Log In

Show Comments

Extras

Top Quizzes Today


Score Distribution

Your Account Isn't Verified!

In order to create a playlist on Sporcle, you need to verify the email address you used during registration. Go to your Sporcle Settings to finish the process.

Report this User

Report this user for behavior that violates our Community Guidelines.

Details: